|
|
|
|
| LEADER |
02313nam a22004455i 4500 |
| 001 |
978-88-470-0511-2 |
| 003 |
DE-He213 |
| 005 |
20151204162249.0 |
| 007 |
cr nn 008mamaa |
| 008 |
100301s2007 it | s |||| 0|ita d |
| 020 |
|
|
|a 9788847005112
|9 978-88-470-0511-2
|
| 024 |
7 |
|
|a 10.1007/978-88-470-0511-2
|2 doi
|
| 040 |
|
|
|d GrThAP
|
| 050 |
|
4 |
|a RC1-1245
|
| 072 |
|
7 |
|a MJ
|2 bicssc
|
| 072 |
|
7 |
|a MED045000
|2 bisacsh
|
| 082 |
0 |
4 |
|a 616
|2 23
|
| 100 |
1 |
|
|a Capasso, Francesco.
|e author.
|
| 245 |
1 |
0 |
|a Lassativi
|h [electronic resource] :
|b Impiego razionale dei lassativi nella stipsi /
|c by Francesco Capasso, Giuseppe D’Argenio.
|
| 264 |
|
1 |
|a Milano :
|b Springer Milan,
|c 2007.
|
| 300 |
|
|
|a IX, 117 pagg.
|b online resource.
|
| 336 |
|
|
|a text
|b txt
|2 rdacontent
|
| 337 |
|
|
|a computer
|b c
|2 rdamedia
|
| 338 |
|
|
|a online resource
|b cr
|2 rdacarrier
|
| 347 |
|
|
|a text file
|b PDF
|2 rda
|
| 505 |
0 |
|
|a Come classificare i lassativi -- La costipazione: le basi per un uso razionale dei lassativi -- Il ruolo del trasporto di ioni nell’azione dei lassativi -- Motilità intestinale ed azione dei lassativi -- I lassativi naturali di origine vegetale -- I lassativi naturali di origine minerale -- I lassativi di sintesi -- L’abuso dei lassativi -- Metodologie di studio dei lassativi -- Conclusioni.
|
| 520 |
|
|
|a Questo volume è un ampio compendio sui lassativi. Esso copre tutti gli aspetti dell'uso clinico dei lassativi completo di informazioni fsiopatologiche correlate con la stipsi. I meccanismi d'azione delle principali classi di lassativi sono ampiamente descritti. Il testo riporta illustrazioni che aiutano a comprendere le origini dei lassativi vegetali e la farmacologia di quelli più interessanti. Medici, farmacisti, erboristi, infermieri e studenti troveranno questo volume interessante ed utile.
|
| 650 |
|
0 |
|a Pharmacy.
|
| 650 |
|
0 |
|a Medicine.
|
| 650 |
|
0 |
|a Internal medicine.
|
| 650 |
1 |
4 |
|a Medicine & Public Health.
|
| 650 |
2 |
4 |
|a Internal Medicine.
|
| 650 |
2 |
4 |
|a Pharmacy.
|
| 700 |
1 |
|
|a D’Argenio, Giuseppe.
|e author.
|
| 710 |
2 |
|
|a SpringerLink (Online service)
|
| 773 |
0 |
|
|t Springer eBooks
|
| 776 |
0 |
8 |
|i Printed edition:
|z 9788847005105
|
| 856 |
4 |
0 |
|u http://dx.doi.org/10.1007/978-88-470-0511-2
|z Full Text via HEAL-Link
|
| 912 |
|
|
|a ZDB-2-SME
|
| 950 |
|
|
|a Medicine (Springer-11650)
|